Human rights violations against the transgender community : a study of Kothi and Hijra sex workers in Bangalore, India /

שמור ב:
מידע ביבליוגרפי
מחבר תאגידי: People's Union for Civil Liberties-K (Author)
מחברים אחרים: Baxi, Upendra
פורמט: ספר
שפה:אנגלית
יצא לאור: Bangalore : PUCL-K, 2003
תגים: הוספת תג
אין תגיות, היה/י הראשונ/ה לתייג את הרשומה!

MARC

LEADER 00000nam a22000007i 4500
001 IT\ICCU\UBO\3023948
003 ItRI
005 20260115232435.0
008 060720s2003 ii |||||| ||||| |||||c
040 |b ita  |c importazione bologna sebina 
041 7 |a eng  |2 ISO-639-2 
110 2 |a People's Union for Civil Liberties-K  |0 IT\ICCU\UBOV\041588  |4 aut 
245 0 0 |a Human rights violations against the transgender community :  |b a study of Kothi and Hijra sex workers in Bangalore, India /  |c report by People's Union for Civil Liberties, Karnataka ; foreword by Upendra Baxi. 
260 |a Bangalore :  |b PUCL-K,  |c 2003 
300 |a 117 p. ;  |c 22 cm. 
700 1 |a Baxi, Upendra  |0 IT\ICCU\MILV\134025 
942 |2 ddc  |c BK  |n 0 
952 |0 0  |1 0  |4 0  |6 T_305_321000000000000_PEO  |7 0  |9 25801  |a BO  |b BO  |d 2026-01-15  |i 8558  |l 0  |o T 305.321 PEO  |p BO8558  |r 2026-01-15 23:24:35  |w 2026-01-15  |x [Sebina 5] [1 v.]  |y BK  |z 1 v. 
999 |c 21879  |d 21879